02013nab a2200229uuc4500001000800000005001700008008004100025035001200066040001300078041000800091100003500099245013900134520116000273650001501433650002201448650003101470700004101501700003601542700004001578700003501618773013001653135147020240202113347.0131126e20131201 spa  a1351470 ccomduadb aspa10aUribe Granja, Camilo4auteaut10aUso de metadoxilo en la intoxicación alcohólica etílica aguda. Servicios de Urgencias del Hospital de San José, Bogotá, D.C.3 aIntroducción: el abuso del alcohol y su dependencia son problemas de salud pública, con morbilidad y mortalidad que requieren atención costosa en los servicios de urgencias. La prevalencia en Colombia es similar a la mundial con un consumo a más temprana edad. Objetivo: describir la respuesta clínica y el tiempo de mejoría de la embriaguez alcohólica en pacientes tratados con metadoxilo vs. terapia convencional. Métodos: estudio de serie de casos con diagnóstico clínico de embriaguez alcohólica etílica grados 2 y 3, mayores de 18 años, en el servicio de urgencias, que recibieron tratamiento estándar y este mismo más metadoxilo. Resultados: se incluyeron 39 pacientes, 79.4% hombres, distribución equivalente en ambos grupos de tratamiento con promedio de edad de 35 ± 13.3 años. Hubo mejoría a los 30 minutos en siete pacientes con metadoxilo y tres con manejo convencional, a los 60 minutos ocho mejoraron con metadoxilo y cinco con convencional. Conclusiones: el metadoxilo puede ser fundamental en el manejo de la intoxicación alcohólica disminuyendo el tiempo de observación médica en urgencias. aEmbriaguez aAlcohol etílico aAlcohol - Efectos adversos10aHernández Barrera, Diego4auteaut10aCano Organista, Edwin4auteaut10aGonzález Ferreira, Jhon4auteaut10aSilva Flores, Manuel4auteaut0 tRepertorio de Medicina y Cirugía (Bogotá)gVolumen 22, Número 04, Diciembre 2013, p. 280-285w486162x0121-73720127625